Teacher training / (Record no. 4648)

MARC details
000 -LEADER
fixed length control field 00605 a2200181 4500
010 ## - LCCN (DPL NO)
LC control number ENG-86521
020 ## - INTERNATIONAL STANDARD BOOK NUMBER
International Standard Book Number 8183821049
Terms of availability 150.00
035 ## - SYSTEM CONTROL NUMBER
System control number EN-70054
037 ## - SOURCE OF ACQUISITION
Source of stock number/acquisition DBAD / PUB
082 14 - DEWEY DECIMAL CLASSIFICATION NUMBER
Classification number 370.71
100 1# - MAIN ENTRY--PERSONAL NAME
Personal name Suraj Prakash Bhan
245 1# - TITLE STATEMENT
Title Teacher training /
Statement of responsibility, etc by Suraj Prakash Bhan
260 ## - PUBLICATION, DISTRIBUTION, ETC. (IMPRINT)
Place of publication, distribution, etc New Delhi
Name of publisher, distributor, etc Lotus Press
Date of publication, distribution, etc 2006
270 ## - ADDRESS
Address 4263/3, Ansari Road, Darya Ganj
City New Delhi
Postal code 110 002
Telephone number 011-32903912, 011-23290047
Electronic mail address lotus_press@sify.com
300 ## - PHYSICAL DESCRIPTION
Extent 271 p.
Dimensions 22cm (Pbk)
500 ## - GENERAL NOTE
General note includes bibliographical references and index
942 ## - ADDED ENTRY ELEMENTS (KOHA)
Institution code [OBSOLETE] dpl
Item type English Books
Source of classification or shelving scheme Dewey Decimal Classification
Classification part 370.71
Call number suffix SUR
Holdings
Withdrawn status Lost status Not for loan Collection code Home library Current library Source of acquisition Cost, normal purchase price Full call number Barcode Copy number Cost, replacement price Koha item type
    Not For Loan Non-fiction D.B.Act.Division D.B.Act.Division DBAD/PUB 150.00 370.71 SUR EN-70054 1 150.00 English Books

© Delhi Public Library
Hit Counter
free hit counter